000 00447cam a2200181ua 4500
001 3059
008 110926n ii |||gr||||Z||||||asm
040 _cMAIN
082 _a920
100 1 _aSarma, Mukul Kr.,
_eAuthor.
245 1 1 _aJawaharlal Nehru
_cby Mukul Kr. Sarma
250 _a1st.
260 _aJorhat:
_bUnika Prakashan,
_c2010.
300 _a48p:
_c23cm.
653 _aBiography
653 _aBiography of Jawaharlal Nehru
942 _cBK
999 _c2906
_d2906